| 000 | 01430nam a22003977a 4500 | ||
|---|---|---|---|
| 003 | OSt | ||
| 005 | 20230531162257.0 | ||
| 008 | 221006b |||||||| |||| 00| 0 eng d | ||
| 022 | _a978-2-940524-48-8 | ||
| 040 | _cBiblioteca Lado V | ||
| 082 |
_a709.05 _bV152t |
||
| 100 |
_9840 _aValencia, Natalia _eeditora |
||
| 245 |
_aTerremoto/ _bSombras/ |
||
| 260 |
_aMexico _bMuseo Jumex _c2016 |
||
| 300 |
_c22x34cm _a61p. |
||
| 366 | _eeng | ||
| 366 | _espa | ||
| 490 |
_a6 _v2016 |
||
| 505 | _aPigmentocracia en el arte contemporáneo | ||
| 505 | _aCOMO_clube | ||
| 505 | _aEntrevista con las Nietas de Nono | ||
| 505 | _aMethode Room | ||
| 505 | _aYisirihai | ||
| 505 | _aConversación con los artistas de Nicaragua Raul Quintanillas, Fredman Barahona, Patricia Belli, Darling Lopez y Alejandro de la Guerra | ||
| 505 | _aGramatica simple | ||
| 505 | _aFernando Palma en conversación con Malachi Farrell | ||
| 505 | _aAlicia Herrero | ||
| 505 | _aNick Vaughan & Jake Margolin | ||
| 505 | _aGente de Bien: Entrevista con Franco Lolli | ||
| 650 |
_2Tesauro de Arte & Arquitectura _aARTE _9703 |
||
| 650 |
_2Tesauro de Arte & Arquitectura _aEXPOSICIONES _9702 |
||
| 650 |
_2Tesauro de Arte & Arquitectura _aARTE CONTEMPORANEO _9702 |
||
| 650 |
_2Tesauro de Arte & Arquitectura _aARTE AMERICANO |
||
| 650 |
_2Tesauro de Arte & Arquitectura _aINGLES |
||
| 942 |
_2ddc _c1 _h709.05 _iV152t _n0 |
||
| 999 |
_c3787 _d3787 |
||